| 000 | 00484nam a2200181Ia 4500 | ||
|---|---|---|---|
| 001 | 4874 | ||
| 005 | 20260306145826.0 | ||
| 008 | 260306t2015||||xx |||||||||||||| ||spa|| | ||
| 041 | _aESP | ||
| 082 |
_a330.985 _bS38 |
||
| 100 |
_aSeminario, Bruno _eAUT |
||
| 245 | 0 |
_aEl desarrollo de la economía peruana en la era moderna: _bprecios, población, demanda y producción desde 1700 |
|
| 260 | _c2015 | ||
| 300 |
_a _c |
||
| 650 | _aGEN | ||
| 654 | _aCAN | ||
| 942 |
_cLIB _dJUS _fJUS _2ddc _n |
||
| 999 |
_c4874 _d4874 |
||